000 00900cab a2200277 4500
001 WB3111-42
008 090401t1995 xxu||||| |||| 00| 0 eng d
035 _a(Sirsi) u29320
041 _aeng
245 _aPlanning approvals
260 _c1995
350 _a0
490 _aEstates Times
_v(1270) 10 March 1995, 1
490 _aPlanning Week
_v3(11) 16 March 1995, 2(2)
520 _aThe DTI and RTPI warn that use of imperial measurements in planning applications breach an EC directive and could result in planning approvals, granted after 1 January 1995, being declared invalid.
650 _aEC DIRECTIVE
650 _aIMPERIAL MEASUREMENTS
650 _aMETRIC MEASUREMENTS
650 _aMETRIC UNITS
650 _aPLANNING APPLICATIONS
650 _aPLANNING PERMISSIONS
650 _aVALIDITY
690 _aPLANNING LAW AND PRACTICE
942 _n0
948 _c04/03/1997
999 _c19753
_d19753